• 首页
  • 本馆介绍
  • 公告通知
  • 最新文献
  • 馆藏检索
  • 电子资源
  • 读者导购
  • 参考咨询
  • 我的图书馆
  • 登录
  • 详细信息显示
  • 放入我的书架
  • 预约/预借图书
  • 作者相关作品
  • 分类相关作品
  • 丛书相关作品
  • 出版社相关作品

书目信息

  • 表格格式
  • 工作单格式
  • 卡片格式
题名:
辩证的探索
    
 
作者: 张文儒 , 陈葆华 著
分册:  
出版信息: 石家庄   河北人民出版社  1982.05
页数: 158页
开本: 20cm
丛书名:
单 册:
中图分类: B017
科图分类:
主题词: 认识论
电子资源:
ISBN:
000 00707nam0 2200217 45
001 0181024007
005 20051221152104.45
010    @dCNY0.40
091    @a2086.95
100    @a20810111d km y0chiy0120 ea
101 0  @achi
200 1  @a辩证的探索@ABIAN ZHENG DE TAN SUO@e读列宁十月革命后著作札记@EDu Lie Ning Shi Yue Ge Ming Hou Zhu Zuo Zha Ji@f张文儒,陈葆华著@FZhang Wen Ru,ChenBao Hua Zhu
210    @a石家庄@c河北人民出版社@d1982.05
215    @a158页@d20cm
517    @a读列宁十月革命后著作札记@ADu Lie Ning Shi Yue Ge Ming Hou Zhu Zuo Zha Ji
606 0  @a认识论
690    @aB017@v3
701 0  @a张文儒@4著
701  0 @a陈葆华@4著
801    @aCN@bTSTC@c20051221
905    @dB017@e12@f1@b72878
    
    辩证的探索:读列宁十月革命后著作札记/张文儒,陈葆华著.-石家庄:河北人民出版社,1982.05
    158页;20cm
    
    
    ISBN :CNY0.40
    
●
相关链接 在E读中查询图书 在五车中查询图书 在当当中查询图书 在豆瓣中查询图书


正题名:辩证的探索     索取号:B017/12         预约/预借

序号 登录号 条形码 馆藏地/架位号 状态 备注
1 0072874   001389820   第一借阅区/ [索取号:B017/12] 在馆    
2 0072875   001389811   密集书库/ [索取号:B017/12] 在馆    
3 0072876   202180442   密集书库/ [索取号:B017/12] 在馆    
4 0072877   001389777   密集书库/ [索取号:B017/12] 在馆    
5 0072878   000947364   第一样本阅览室/ [索取号:B017/12] 在馆    
唐山师范学院图书馆 欢迎您!
大连网信软件有限公司© 版权所有